| 000 | 00682nam a22001937a 4500 | ||
|---|---|---|---|
| 003 | BD-DhUL | ||
| 005 | 20160901122946.0 | ||
| 008 | 160901s1985 b ||||| |||| 001 0 b d | ||
| 040 |
_aBD-DhUL _cBD-DhUL |
||
| 082 |
_a935 _bNUM |
||
| 100 | 1 | _aবেগম, নুরুন নাহার | |
| 245 | 1 | 0 |
_aমেসোপটেমীয় সভ্যতা / _cনুরুন নাহার বেগম |
| 260 |
_aঢাকা : _bবাংলা একাডেমি, _c১৯৮৫ |
||
| 300 |
_a৯০পৃ. : _c১৪ সেমি |
||
| 500 | _aনির্ঘন্ট সংবলিত | ||
| 650 | 0 | _aইতিহাস | |
| 650 | 0 | _aHistory | |
| 942 |
_2ddc _cBK |
||
| 999 |
_c103716 _d103716 |
||